Chiến lược = On strategy /
Đã lưu trong:
| Tác giả khác: | , , , , , , , , |
|---|---|
| Định dạng: | Sách giấy |
| Ngôn ngữ: | Vietnamese English |
| Được phát hành: |
H. :
Công thương,
2018.
|
| Loạt: | Harvard business review
|
| Những chủ đề: | |
| Các nhãn: |
Thêm thẻ
Không có thẻ, Là người đầu tiên thẻ bản ghi này!
|
| Thư viện lưu trữ: | Thư viện Trường Đại học Đà Lạt |
|---|
| LEADER | 01789nam a2200433 4500 | ||
|---|---|---|---|
| 001 | DLU190193485 | ||
| 005 | ##20191115 | ||
| 020 | # | # | |a 9786049314841 |
| 040 | # | # | |a DLU |b vie |
| 041 | # | # | |a vie |h eng |
| 044 | # | # | |a vn |
| 082 | # | # | |a 658.401 2 |b Chi |
| 245 | # | # | |a Chiến lược = |b On strategy / |c Michael E. Porter, ... [et al]; Phạm Khuyên dịch. |
| 246 | # | # | |a On strategy |
| 260 | # | # | |a H. : |b Công thương, |c 2018. |
| 300 | # | # | |a 236 tr. : |b minh họa màu; |c 27 cm. |
| 490 | # | # | |a Harvard business review |
| 505 | # | # | |a Chiến lược là gì? -- Năm áp lực cạnh tranh làm nên một chiến lược -- Xây dựng tầm nhìn cho công ty -- Tái sáng tạo mô hình kinh doanh của bạn -- Chiến lược đại dương xanh -- Những bí quyết để thực thi chiến lược thành công -- Sử dụng thẻ điểm cân bằng như một hệ thống quản lý chiến lược -- Biến chiến lược của quản lý thành hành động của nhân viên tuyến đầu -- Biến chiến lược lớn thành hiệu suất cao -- Ai được ra quyết định? Những vai trò ra quyết định rõ ràng nâng cao hiệu suất của tổ chức ra sao?. |
| 650 | # | # | |a Phân khúc thị trường. |
| 700 | # | # | |a Gadiesh, Orit. |
| 700 | # | # | |a Gillbert, James L. |
| 700 | # | # | |a Kim, W. Chan. |
| 700 | # | # | |a Martin, Karla L. |
| 700 | # | # | |a Mauborgne, Renée. |
| 700 | # | # | |a Neilson, Gary L. |
| 700 | # | # | |a Phạm Khuyên, |e dịch. |
| 700 | # | # | |a Porter, Michael E. |
| 700 | # | # | |a Powers, Elizabeth. |
| 923 | # | # | |a 07/2019 |
| 991 | # | # | |a SH |
| 992 | # | # | |a 199000 |
| 994 | # | # | |a DLU |
| 900 | # | # | |a True |
| 911 | # | # | |a Nguyễn Thanh Hương |
| 925 | # | # | |a G |
| 926 | # | # | |a A |
| 927 | # | # | |a SH |
| 980 | # | # | |a Thư viện Trường Đại học Đà Lạt |


